[Event "Hamedan op 17th"]
[Site "Hamedan"]
[Date "2018.08.10"]
[Round "2"]
[White "Khatibi, Meysam"]
[Black "Kazemi, Kamran"]
[Result "1-0"]
[WhiteElo "2233"]
[BlackElo "1870"]
[PlyCount "59"]
[EventDate "2018.08.09"]
[EventType "swiss"]
[EventRounds "11"]
[EventCountry "IRI"]
[SourceTitle "CBM 186 Extra"]
[Source "ChessBase"]
[SourceDate "2018.08.24"]
[SourceVersion "1"]
[SourceVersionDate "2018.08.24"]
[SourceQuality "1"]

1. e4 c5 2. Nf3 d6 3. d4 cxd4 4. Nxd4 Nf6 5. Nc3 e6 6. Rg1 Nc6 7. g4 h6 8. h4 d5 9. Bb5 Bd7 10. exd5 Nxd5 11. Nxd5 exd5 12. Qe2+ Be7 13. Nf5 Bxf5 14. gxf5 0-0 15. Bxh6 Bf6 16. Qg4 Qe7+ 17. Kd1 Qe5 18. Rb1 Nd4 19. Bd3 Rfe8 20. c3 Nc6 21. Kc2 Rac8 22. Rbe1 Qxe1 23. Rxe1 Rxe1 24. Bxg7 Ne5 25. Qg3 Bxg7 26. f6 Ng6 27. h5 Bxf6 28. hxg6 Rc6 29. Qb8+ Kg7 30. gxf7 1-0